| 000 | 04148nam a2200421Ii 4500 | ||
|---|---|---|---|
| 001 | DIGLOM15016 | ||
| 003 | NyNyDIG | ||
| 006 | m o d | ||
| 007 | cr ||||||||||| | ||
| 008 | 131001s2004 cl ob 000 0 spa d | ||
| 020 | _z9562826686 | ||
| 020 | _z9789562826686 | ||
| 035 | _a(OCoLC)888271277 | ||
| 040 |
_aDGITA _beng _epn _cDGITA |
||
| 043 | _as-cl--- | ||
| 050 | 1 | 4 | _aJC571 eBook |
| 245 | 0 | 0 |
_aDe miradas y mensajes a la educación en derechos humanos / _cAbraham Magendzo (editor). |
| 250 | _a1. ed. | ||
| 264 | 1 |
_aSantiago de Chile, Chile : _bLOM Ediciones : _bCátedra UNESCO de Educación en Derechos Humanos, Universidad Academia de Humanismo Cristiano : _bIdeas Fundación, _c2004. |
|
| 300 | _a1 online resource (297 pages) | ||
| 336 |
_atext _btxt _2rdacontent |
||
| 337 |
_acomputer _bc _2rdamedia |
||
| 338 |
_aonline resource _bcr _2rdacarrier |
||
| 490 | 1 | _aEnfoques pedagógicos | |
| 504 | _aIncludes bibliographical references. | ||
| 505 | 0 | _aAgradecimientos -- A manera de presentación -- El sentido de la época: sobre globalización y educación en derechos humanos / Ricardo Sánchez Ángel -- Los caminos de la educación superior en derechos humanos en México. Hacia una política pública / Gloria Ramírez -- ¿Qué puede, si acaso puede, una cultura y ética desde los derechos humanos para promover una nueva / Pablo Salvat B. -- Pluralismo, escepticismo y derechos humanos / Miguel E. Orellana Benado -- Alteridad y diversidad: componentes fundantes de la educación en derechos humanos / Abraham Magendzo K -- Educar en los derechos humanos: desafío de la sociedad civil para fortalecer la ciudadanía democrática / Jorge Ososrio -- La formación de la ciudadanía activa y la acción comunicativa crítica, resguardos esenciales de la de la educación en derechos humanos / Rolando Pinto Contreras y Alicia M. Williner Martin -- Miradas Pedagogías antidiscriminatorias / Marcela Durán -- Multiculturalismo e educação em direitos humanos / Vera María Candau -- Miradas y mensajes desde la globalización El caso del antisemitismo y la xenofobia / Isaac Caro -- Mirando a la Pachamama: el culto al agua, los derechos indígenas y la globalización en el Tarapacá andino / Sergio González Miranda Celia González Estay -- Educación para todos: un reto al sistema / Pamela Molina Toledo -- Educación para la paz desde la perspectiva del desarrollo humano / Álvaro Guerra -- En el ámbito ético-filosófico: Mirada desde la acción comunicativa. Mensaje a la educación en derechos humanos / Soraya El Achkar -- Educación en derechos humanos: una mirada desde el cuerpo y el movimiento / Jorge E. Pesce Aguirre -- A ser maestros aprendemos.... / Rosa María Mujica -- Miradas necesarias para la educación en derechos humanos / Nélida Céspedes Rossel -- ¿Qué podemos aprender de la psicología y la terapia para la educacion en derechos humanos? / Marcia Bernbaum -- Educación y derechos humanos: ¿decidir sobre la cantidad o sobre la calidad del tiempo escolar? / Cecilia Braslavsky -- Enseñanza de las matemáticas con un enfoque humanista / Tamara Pel -- Educación en derechos humanos: miradas para una retroalimentación / Patricio Donoso Fernández -- Los retos de la educación para los derechos humanos / Xesús R. J Ares. | |
| 520 | _aObra que reúne diversos ensayos sobre educación de los derechos humanos, que son abordados desde diversos enfoques: político, ético-filosófico, cívico, discriminatorio, multicultural y pedagógico. El propósito es la construcción de una sociedad que sea capaz de darle continuidad a las conquistas logradas en la lucha y defensa de los derechos humano. | ||
| 650 | 0 |
_aHuman rights _xStudy and teaching _zChile. |
|
| 650 | 0 |
_aHuman rights _xStudy and teaching. |
|
| 655 | 0 | _aElectronic books. | |
| 700 | 1 | _aMagendzo, Abraham. | |
| 791 | 2 |
_aDigitalia (Firm), _edistributor. |
|
| 830 | 0 | _aEnfoques pedagógicos | |
| 793 | 0 |
_gDigitalia eBook Collection: _aLOM Ediciones |
|
| 856 | 4 | 0 |
_3Digitalia Hispánica _uhttps://www.digitaliapublishing.com/a/18290/ |
| 910 | _aPremium Collection: 2007-2012 | ||
| 942 | _cRAA | ||
| 999 |
_c235756 _d235756 |
||